Multi-dimensional imaging / (Record no. 23187)
[ view plain ]
| 000 -LEADER | |
|---|---|
| fixed length control field | 00982cam a22002535a 4500 |
| 001 - CONTROL NUMBER | |
| control field | 18043577 |
| 005 - DATE AND TIME OF LATEST TRANSACTION | |
| control field | 20161120104634.0 |
| 008 - FIXED-LENGTH DATA ELEMENTS--GENERAL INFORMATION | |
| fixed length control field | 140224s2014 enka frb 001 0 eng d |
| 020 ## - INTERNATIONAL STANDARD BOOK NUMBER | |
| International Standard Book Number | 9781118449837 |
| 040 ## - CATALOGING SOURCE | |
| Original cataloging agency | DLC |
| Language of cataloging | eng |
| Transcribing agency | DLC |
| Modifying agency | DLC |
| -- | EG-ScBUE |
| 082 04 - DEWEY DECIMAL CLASSIFICATION NUMBER | |
| Classification number | 006.693 |
| Edition number | 22 |
| Item number | MUL |
| 245 00 - TITLE STATEMENT | |
| Title | Multi-dimensional imaging / |
| Statement of responsibility, etc | edited by Bahram Javidi, Enrique Tajahuerce, Pedro Andres. |
| 260 ## - PUBLICATION, DISTRIBUTION, ETC. (IMPRINT) | |
| Place of publication, distribution, etc | Chichester : |
| Name of publisher, distributor, etc | John Wiley and Sons / IEEE Press, |
| Date of publication, distribution, etc | 2014. |
| 300 ## - PHYSICAL DESCRIPTION | |
| Extent | xxiii, 433 p. : |
| Other physical details | Ill. ; |
| Dimensions | 26 cm. |
| 500 ## - GENERAL NOTE | |
| General note | Index : p. 429-433. |
| 504 ## - BIBLIOGRAPHY, ETC. NOTE | |
| Bibliography, etc | Includes bibliographical references. |
| 650 #7 - SUBJECT ADDED ENTRY--TOPICAL TERM | |
| Topical term or geographic name as entry element | Three-dimensional imaging. |
| Source of heading or term | BUEsh |
| 9 (RLIN) | 4477 |
| 653 ## - INDEX TERM--UNCONTROLLED | |
| Resource For college | Informatics and Computer Science |
| Arrived date list | November2016 |
| 700 1# - ADDED ENTRY--PERSONAL NAME | |
| Personal name | Javidi, Bahram, |
| Relator term | editor. |
| 700 1# - ADDED ENTRY--PERSONAL NAME | |
| Personal name | Tajahuerce, Enrique, |
| Relator term | editor. |
| 700 1# - ADDED ENTRY--PERSONAL NAME | |
| Personal name | Andres, Pedro, |
| Relator term | editor. |
| 776 08 - ADDITIONAL PHYSICAL FORM ENTRY | |
| Display text | Online version: |
| Title | Multi-dimensional imaging |
| Place, publisher, and date of publication | Chichester, West Sussex, United Kingdom : John Wiley & Sons Inc., 2014 |
| International Standard Book Number | 9781118706190 |
| Record control number | (DLC) 2014011904 |
| 942 ## - ADDED ENTRY ELEMENTS (KOHA) | |
| Source of classification or shelving scheme | Dewey Decimal Classification |
| Withdrawn status | Item status | Source of classification or shelving scheme | Damaged status | Not for loan | Vendor | Home library | Current library | Shelving location | Date acquired | Source of acquisition | Cost, normal purchase price | Serial Enumeration / chronology | Total Checkouts | Full call number | Barcode | Date last seen | Cost, replacement price | Koha item type |
|---|---|---|---|---|---|---|---|---|---|---|---|---|---|---|---|---|---|---|
| Dewey Decimal Classification | Baccah | Central Library | Central Library | Lower Floor | 20/11/2016 | Purchase | 910.00 | 2000088 | 006.693 MUL | 000034906 | 15/07/2025 | 1137.50 | Book - Borrowing |